| 000 | 01450nam a22003017a 4500 | ||
|---|---|---|---|
| 001 | 8176 | ||
| 003 | FISKH | ||
| 005 | 20250901102616.0 | ||
| 008 | 250901b cb ||||| |||| 00| 0 eng d | ||
| 020 | _a9780545622448 | ||
| 040 |
_aFISKH _beng _cFISKH _dFISKH |
||
| 050 | _aQL757 D38 | ||
| 082 | _a591.6 | ||
| 100 |
_aDavies, Nicola _d(1958–) |
||
| 245 |
_aWhat's eating you? : _bParasites-the inside story / _cBy Nicola Davies ; Illustrated by Neal Layton |
||
| 250 | _aThis edition first published in 2007 | ||
| 260 |
_aNew York : _bScholastic, _c2007 |
||
| 300 |
_a60 pages : _bcolor illustrations ; _c16 x 25 cm |
||
| 505 | _aJ | ||
| 520 | _aMites and lice, fleas, ticks, and tapeworms -- most living creatures that have a habitat also are a habitat, including you (are you itchy yet?). Unwelcome guests -- parasites -- are everywhere, from the barnacles hitching a ride on a humpback whale's head to the tiny flies that control a bee's brain and make it literally dig its own grave. Now an expert team returns for an in-depth look at how these insidious critters do it, whether it's leaping aboard moving targets or morphing their body shapes, and what their unwitting hosts have learned to do to fight back and reclaim their space. | ||
| 521 | 8 |
_a500
_bLexile |
|
| 521 | 8 |
_aJ
_bRaz-Plus |
|
| 650 |
_2Science _aParasites |
||
| 650 | _2Biology | ||
| 700 |
_aLayton, Neal _dillustrator |
||
| 942 |
_2ddc _cBK _n0 |
||
| 999 |
_c8176 _d8176 |
||